Landlocked Countries Containing W - Statistics

General Stats
  • This quiz has been taken 14 times
  • The average score is 4 of 6
Answer Stats
Country % Correct
Malawi
71%
Botswana
64%
Eswatini
64%
Rwanda
57%
Switzerland
50%
Zimbabwe
50%
No matching quizzes found
Score Distribution
Percent of People with Each Score
Percentile by Number Answered
Your Score History
You have not taken this quiz